Vista normal Vista MARC

Entrada Meeting Name

Número de registros utilizados en: 1

001 - CONTROL NUMBER

  • control field: 38592

003 - CONTROL NUMBER IDENTIFIER

  • control field: OSt

005 - DATE AND TIME OF LATEST TRANSACTION

  • control field: 20210721105551.0

008 - FIXED-LENGTH DATA ELEMENTS

  • fixed length control field: 210721|| aca||aabn | a|a d

040 ## - CATALOGING SOURCE

  • Original cataloging agency: OSt
  • Transcribing agency: OSt

111 ## - HEADING--MEETING NAME

  • Meeting name or jurisdiction name as entry element: Convención Bancaria y de Entidades Financieras
  • Number of part/section/meeting: (31a. :
  • Date of meeting or treaty signing: 1996 :
  • Location of meeting: Cartagena, Colombia)

670 ## - SOURCE DATA FOUND

  • Source citation: Work cat.: (OSt)11986: Convención Bancaria y de Entidades Financieras (31a. : 1996 : Cartagena, Colombia), Crisis política, sector financiero y manejo fiscal / , 1996.